Peintres connus 4 - Statistiques

Statistiques générales
  • Ce quiz a été pris 19 fois
  • Le résultat moyen est 5 sur 16
Statistiques - réponses
Par images Réponse % Correct
Pablo Picasso
100%
Jan van Eyck
69%
Diego Rivera
50%
Jean Auguste-Dominique Ingres
44%
Gustave Courbet
38%
Jacques-Louis David
38%
Egon Schiele
25%
Mary Cassatt
25%
Paul Klee
25%
Théodore Géricault
25%
Antoine van Dyck
19%
Artemisia Gentileschi
19%
Mark Rothko
19%
Georgia O'Keeffe
13%
William Blake
13%
Kazimir Malevitch
6%
Aucun quiz correspondant
Distribution des résultats
% des personnes avec chaque résultat
Percentile par nombre de réponses
Votre historique - résultats
Vous n’avez pas pris ce quiz